00444nam a2200133 a 450000500170000000800410001705000180005810000220007624500390009826000350013744000210017299900190019395200980021220140414131905.0100901s19uu xx 00 eng d aFICbSt5 2007 aStilton, Geronimo aA very merry christmas :bBook 34. aNew York :bScholastic,c2007. aGeronimo Stilton c110871d110871 001040aMUbMUcFICd2010-09-24l0oFIC St5 2007pM1384r2014-04-14 00:00:00w2014-04-14yBK